| 000 | 00000nam##2200000za#4500 |
| 001 | 9.525535 |
| 003 | CaOODSP |
| 005 | 20200327082924 |
| 007 | ta |
| 008 | 150406|1995||||xxc||||| f|0| 0 fre|d |
| 020 | |a0-662-61710-X |
| 040 | |aCaOODSP|bfre |
| 041 | |aeng |
| 041 | |afre |
| 043 | |an-cn--- |
| 086 | 1 |aC21-24/4-1995 |
| 110 | 1 |aCanada.|bIndustrie Canada. |bDirection de l'analyse micro-économique. |
| 245 | 10|aL'impact économique des activités de fusion et d'acquisition sur les entreprises / |cpar Gilles Mcdougall. |
| 260 | |aOttawa - Ontario : |bIndustrie Canada. |c1995. |
| 300 | |aTexte français, iii, 57p. : |bgraphiques, tableaux ; |c28 cm. |
| 490 | 1 |aDocuments de travail|vN° 4 |
| 500 | |a«La présente étude vise, [...] à déterminer les avantages et les coûts des activités de fusion et acquisition. Il s'agit d'un prolongement du document de travail numéro 11 d'Investissement Canada intitulé: «Performance des entreprises par suite d'une prise de contrôle». La présente étude est cependant basée sur une banque de données différente et utilise une méthodologie d'analyse également différente.»--Introduction. |
| 504 | |aBibliographie. |
| 520 | 3 |aLa présente étude vise, [...] à déterminer les avantages et les coûts des activités de fusion et acquisition. Il s'agit d'un prolongement du document de travail numéro 11 d'Investissement Canada intitulé: Performance des entreprises par suite d'une prise de contrôle. La présente étude est cependant basée sur une banque de données différente et utilise une méthodologie d'analyse également différente.--Introduction |
| 546 | |aBilingue |
| 563 | |aCouverture souple |
| 691 | 07|aSociétés|2gcpds |
| 720 | 1 |aMcdougall, Gilles |
| 776 | 0#|tThe economic impact of mergers and acquisitions on corporations / |w(CaOODSP)9.570559 |
| 776 | 0#|tL'impact économique des activités de fusion et d'acquisition sur les entreprises / |w(CaOODSP)9.601206 |
| 791 | |tThe economic impact of mergers and acquisitions on corporations / |eeng|w(CaOODSP)9.525534 |
| 830 | #0|aDocuments de travail ;|vN° 4|w(CaOODSP)9.509053 |